| 000 | 01154nas a2200349 4500 | ||
|---|---|---|---|
| 001 | BR2016001942 | ||
| 003 | BR-BrBNA | ||
| 005 | 20231205130339.0 | ||
| 007 | ta | ||
| 008 | 230509b bl.|||p| |||| 00| 00por d | ||
| 040 |
_aBR-BrBNA _bpor _cBiblioteca Nacional de Agricultura |
||
| 041 | _a(En) | ||
| 072 | _aL72; L73 | ||
| 100 | 1 | _aXavier, V.B. | |
| 100 | 1 | _aOliveira-Menezes, A. | |
| 100 | 1 | _aSantos, M.A.J. dos | |
| 100 | 1 | _aAmato, S.B. | |
| 100 | 1 | _aTorres, E.J.L. | |
| 100 | 1 | _aPinheiro, J. | |
| 100 | 1 | _aBrandolini, S.V.P.B. | |
| 245 | 1 | _aHistopathological changes in the kidneys of vertebrate hosts infected naturally and experimentally withParatanaisia bragai (Trematoda, Digenea) | |
| 650 | _aAVE DOMESTICA | ||
| 650 | _aHISTOLOGIA ANIMAL | ||
| 650 | _aHELMINTO | ||
| 650 | _aRIM | ||
| 650 | _aTREMATODEO | ||
| 650 | _aDOENCA ANIMAL | ||
| 773 | 0 |
_tBrazilian Journal of Veterinary Parasitology (Brazil) _xISSN 1984-2961 _g(Apr-Jun 2015), v. 24(2) p. 241-246 _wBR2016001942 |
|
| 856 | 4 | 0 | _uhttp://www.scielo.br/pdf/rbpv/v24n2/1984-2961-rbpv-24-2-241.pdf |
| 909 |
_a202311 _bLúcia _c55 _dLúcia Elande |
||
| 942 |
_2AGRIS _n0 _cANA |
||
| 999 |
_c248968 _d248968 |
||